| 000 | 00542nam a2200193Ia 4500 | ||
|---|---|---|---|
| 005 | 20250923144751.0 | ||
| 008 | 008 250917s9999 xx 000 0 eng d | ||
| 037 | _aTextual | ||
| 040 |
_aDSWL _beng _cDSWL |
||
| 041 |
_aeng _2eng |
||
| 084 |
_aY172Y15.6, J0 _qDSWL |
||
| 245 | 0 |
_aAfrican systems of kinship and marriage _cEd. by Radcliffe-Brown |
|
| 260 |
_aLondon _bUniversityPress _c1960 |
||
| 300 | _aviii,399p. | ||
| 365 |
_aINR _b18 |
||
| 925 | _g18 | ||
| 942 |
_cTEXL _hY172Y15.6, J0 |
||
| 999 |
_c1443101 _d1443101 |
||